000 01413nam a2200313 i 4500
003 DO-SdBNP
005 20250718112213.0
007 ta
008 250715s2016 dr 000 p spa d
020 _a9781530695492
040 _aDO-SdBNP
_bspa
_cBNPHU
_erda
041 _aspa
082 4 _aRD861.44
_bV422e
_222
100 _aVega, Román de la
_d1964-
_eautor
_987997
_4aut.
245 1 0 _aEnero :
_b30 poemas de amor /
_cRomán de la Vega
250 _aEdición especial
264 1 _aSanto Domingo :
_b[editor no identificado],
_c2016.
300 _a61 páginas :
_c22 cm.
336 _atexto
_btxt
_2rdacontent
337 _asin mediación
_bn
_2rdamedia
338 _avolumen
_bnc
_2rdacarrier
500 _aIncluye datos biografícos del autor en la contracubierta
520 _aENERO 30 POEMAS DE AMOR, es una fontana de bellísimas musas y sanas inspiraciones de amor, que le dan a esta obra un toque mágico, natural y de sentimientos infinitos. Así como Enero es el primer mes del año, para el autor el amor es parte esencial en su expresión poética, elevando el amor a la cima de la vida como fuente de todas las cosas, por lo que leer esta obra es llegar al corazón y el alma del amor mismo.
590 _aInventariado, 2025/ YL
650 7 _aPoesía dominicana
_2LEMB
650 7 _aLiteratura dominicana
_2LEMB
910 _aYLockward/Validado. Control de calidad MFF
942 _2ddc
_cLBS1
999 _c59541
_d59541